Countries that Start and End with a Vowel - Statistics

General Stats
  • This quiz has been taken 65 times
  • The average score is 19 of 21
Answers on the Map
Answers color-coded by a green-red scale on the quiz's map according to % correct below.
 
Answer Stats
Hint Answer % Correct
A–A Argentina
98%
A–A Angola
95%
A–A Australia
95%
I–A India
95%
U–Y Uruguay
95%
U–A Uganda
93%
A–A Albania
90%
A–A Algeria
90%
A–A Armenia
90%
E–A Ethiopia
90%
I–Y Italy
90%
U–A United States of America
90%
A–A Austria
88%
E–A Eritrea
88%
I–A Indonesia
86%
A–A Andorra
84%
E–A Estonia
83%
E–I eSwatini
83%
U–E Ukraine
83%
A–A Antigua and Barbuda
79%
E–A Equatorial Guinea
69%
No matching quizzes found
Score Distribution
Percent of People with Each Score
Percentile by Number Answered
Your Score History
You have not taken this quiz